000 00334nam a22001337a 4500
008 250423b |||||||| |||| 00| 0 eng d
020 _a9789351111191
050 _aHD2075
_b.S55
100 _aSINHA, N . K
245 _aCapitalist Relations in Agriculture
260 _aIndia
_bRandom Publishers
_c2013
300 _a272p.
942 _cBK
999 _c3112
_d3112